| 000 | 00567nam a2200169 4500 | ||
|---|---|---|---|
| 010 | _aENG-139576 | ||
| 020 |
_a9786245504442 _c820.00 |
||
| 035 | _aEN-123108 | ||
| 037 | _bDBAD/PUB | ||
| 082 | _a250.385 | ||
| 100 |
_aMapatuna, Palitha _962897 |
||
| 245 |
_aRight View: _bbased on the discourse on right view of the Majjhima Nikaya / _cby Palitha Mapatuna |
||
| 260 |
_aSri Lanka _bBuddhist Cultural Centre _c2023 |
||
| 270 |
_a125, Anderson Road, Nedimala, Dehiwala, _bSri Lanka |
||
| 300 |
_a142p. _c20cm(Pbk) |
||
| 942 |
_2ddc _cEN _h250.385 _mMAP |
||
| 999 |
_c201268 _d201268 |
||